000 00550nam a2200217Ia 4500
003 OSt
005 20220928135622.0
006 a|||||r|||| 00| 0
007 ta
008 220927b |||||||| |||| 00| 0 eng d
024 _a3897
037 _cTextual
040 _aSDCL
_cSDCL
_beng
041 _2eng
_aeng
082 _aX:540j75, M2
100 _aWoodland A D
_9492136
245 0 _aInternational trade and resource allocation
260 _c1982
942 _hX:540j75, M2
_cTEXL
_2CC
999 _c807605
_d807605